Normal view MARC view
  • Marketing Management

Entry Topical Term

Number of records used in: 1

001 - CONTROL NUMBER

  • control field: 73342

003 - CONTROL NUMBER IDENTIFIER

  • control field: OSt

005 - DATE AND TIME OF LATEST TRANSACTION

  • control field: 20220806112527.0

008 - FIXED-LENGTH DATA ELEMENTS

  • fixed length control field: 220806|| aca||aabn | a|a d

040 ## - CATALOGING SOURCE

  • Original cataloging agency: OSt
  • Transcribing agency: OSt

150 ## - HEADING--TOPICAL TERM

  • Topical term or geographic name entry element: Marketing Management

670 ## - SOURCE DATA FOUND

  • Source citation: Work cat.: (OSt)40900: सांगळे, बी. आर. आणि इतर 73341, विपणन व्यवस्थापन, 2014